| 000 | 00654nam a22002297a 4500 | ||
|---|---|---|---|
| 003 | OSt | ||
| 005 | 20241121105719.0 | ||
| 008 | 160517b xxu||||| |||| 00| 0 eng d | ||
| 010 | _a 00046163 | ||
| 020 | _a1588100316 (lib. bdg.) | ||
| 040 | _cDLC | ||
| 050 |
_aPN1994.5 _b .C36 2001 |
||
| 100 |
_aChambers, Catherine, _d 1954- |
||
| 245 |
_a Movies / _c Catherine Chambers. |
||
| 260 |
_a Chicago : _b Heinemann Library, _c c2001. |
||
| 300 |
_a 48 p. : _b col. ill. ; _c 27 cm. |
||
| 440 | _aBehind media | ||
| 500 | _a Includes index. | ||
| 650 |
_aMotion pictures _v Juvenile literature. |
||
| 650 | _a Motion pictures. | ||
| 942 |
_2lcc _cBK |
||
| 999 |
_c253749 _d253748 |
||